Geography Quiz

Random Geography or State Quiz

U.S. Highway 4 Counties Quiz Stats

 Plays Quiz not verified by Sporcle

Challenge
Share
Tweet
Embed
Score 0/9 Timer 01:30
0 Plays Today
State County % Correct
New YorkSaratoga
80%
New YorkWashington
80%
VermontRutland
60%
VermontWindsor
60%
New HampshireMerrimack
60%
New YorkRensselaer
50%
New HampshireGrafton
40%
New HampshireRockingham
40%
New HampshireStrafford
40%

You're not logged in!

Compare scores with friends on all Sporcle quizzes.
OR
Log In

You Might Also Like...

Show Comments

Extras

Created Nov 29, 2017ReportNominate
Tags:State Quiz, county, highway

Top Quizzes Today


Score Distribution

Your Account Isn't Verified!

In order to create a playlist on Sporcle, you need to verify the email address you used during registration. Go to your Sporcle Settings to finish the process.

Report this User

Report this user for behavior that violates our Community Guidelines.

Details: